| 000 | 01002cam a2200301Ka 4500 | ||
|---|---|---|---|
| 001 | 779630811 | ||
| 003 | OCoLC | ||
| 005 | 20180620213505.0 | ||
| 008 | 120309s2011 nyua j 000 1 spa d | ||
| 020 | _a9780545384964 | ||
| 020 | _a0545384966 | ||
| 035 | _a(OCoLC)779630811 | ||
| 040 |
_aY38 _cY38 _dOCLCA _dFIU _dCoBoFLC |
||
| 041 |
_aspa _heng |
||
| 100 | 1 | _aMeadows, Daisy. | |
| 245 | 1 | 0 |
_aVioleta, el hada violeta / _cpor Daisy Meadows ; ilustrado por Georgie Ripper. ; translated by Mar©Øia Cristina Chang. |
| 260 |
_aNew York : _bScholastic, _c2011. |
||
| 300 |
_a71 p. : _bill. ; _c20 cm. |
||
| 440 | 4 | _aLas hadas del arco iris. | |
| 500 | _aTranslation of: Violet, the violet fairy. | ||
| 521 | _aNivel de lectura 2: 6-9 a©Þnos = Reading level 2: 6-9 years. | ||
| 650 | 0 |
_aFairies _vJuvenile fiction. |
|
| 650 | 0 |
_aColors _vJuvenile fiction. |
|
| 655 | 1 | _aSpanish language materials. | |
| 700 | 1 |
_aRipper, Georgie, _eill. |
|
| 700 | 1 | _aChang, Maria Cristina. | |
| 942 |
_cBK _2ddc |
||
| 999 |
_c20912 _d20912 |
||